004730000a22001210004500090001700000245011900017041001400136700003300150100003300183942001300216773010500229999001700334 aASbSeriadas10aAspectos morfométricos y teóricos de un embalse tropical de alta montañasrepresa La Fe, El Retiro, Colombia0 aEspañol1 aRamírez R., John J.9997861 aHernani T., Alejandra999787 cARTICULO1 tRevista de la Academia Colombiana de Ciencias Exactas, Físicas y Naturalesh101q511-518d2002g26 c15516d15516